000 00944nam2a22002651 4500
001 rc\517986
005 20250621165818.0
010 _a5-235-01623-8
_970000
035 _a(NLR Aleph) 005817794
090 _a5448110
_c5448110
100 _a20030616d1990 |||y0rusy50 ca
101 0 _arus
102 _aRU
105 _aa |||||||||
200 0 _aВып. 3
_f[Сост. С. Золотцев]
210 _d1990
_aБ. м.
215 _a77, [2] с.
_cил.
225 1 _a...
_v№ 26 (441)
461 0 _1001rc\517984
_12001#$aОсмысление$eСб. лит.-критич. ст.$f[Сост. В. Карпец]$vВып. 3
_95448093
_cМ.
_d1988-
_f[Сост. В. Карпец]
_nМол. гвардия
_oСб. лит.-критич. ст.
_tОсмысление
_vВып. 3
702 1 _aЗолотцев
_bС.
_gСтанислав
_4220
801 0 _aRU
_bNLR
_gpsbo
801 1 _aRU
_bELAR
_2rusmarc
852 _aNLR
_j88-2/1379
942 _cBOOK
980 _aNB